most used words - Statistics

General Stats
  • This quiz has been taken 5 times
  • The average score is 7 of 10
Answer Stats
Hint Answer % Correct
6 a
100%
5 and
100%
10 I
100%
1 the
100%
3 to
80%
2 be
60%
9 have
60%
7 in
40%
8 that
40%
4 of
20%
No matching quizzes found
Score Distribution
Percent of People with Each Score
Percentile by Number Answered
Your Score History
You have not taken this quiz